O zvěři a myslivosti /

Hlavní autor: Hanzal, Vladimír, 1954-
Další autoři: Štochl, Sláva, 1913-1990
Jazyk: Čeština
Vydáno: České Budějovice : Dona, 2000
Vydání: 2. vyd.
Témata:
Fyzický popis: 126 s. : il. (větš. barev.) ; 28 cm
Knihy
Uloženo v:
LEADER 01104nam a2200337 a 4500
001 000468296
003 CZ BrMZK
005 20081015083533.0
007 ta
008 000115s2000 xr e f cze d
015 |a cnb000964591 
020 |a 80-86136-64-7 
035 |a (OCoLC)45022877 
040 |a BOA001  |b cze 
072 7 |a 639.1  |x Myslivost  |2 Konspekt  |9 24 
080 |a 639.1  |2 MRF 
080 |a 639.11/.16  |2 MRF 
080 |a (035)  |2 MRF 
100 1 |a Hanzal, Vladimír,  |d 1954-  |7 jo20000071171  |4 aut 
245 1 0 |a O zvěři a myslivosti /  |c Vladimír Hanzal ; fotografie Sláva Štochl ... [et al.] 
250 |a 2. vyd. 
260 |a České Budějovice :  |b Dona,  |c 2000 
300 |a 126 s. :  |b il. (větš. barev.) ;  |c 28 cm 
500 |a Bibliogr. 
650 0 7 |a myslivost  |7 ph115386  |2 czenas 
650 0 7 |a lovná zvěř  |7 ph115184  |2 czenas 
655 7 |a příručky  |7 fd133209  |2 czenas 
700 1 |a Štochl, Sláva,  |d 1913-1990  |7 jk01131447  |4 pht 
910 |a BOA001  |b 4-1070.155 
990 |a BK 
996 6 |b 2610110659  |c 4-1070.155  |l MZK  |r Sklad / do 1 hodiny  |n 4  |p p.v.  |w 000468296  |u 000010  |a 1  |e BOA001  |j MZK50  |s P